Developing safety nets for home-owners (Record no. 107968)

MARC details
000 -LEADER
fixed length control field 01541cad a22002655a 4500
001 - CONTROL NUMBER
control field L142779
008 - FIXED-LENGTH DATA ELEMENTS--GENERAL INFORMATION
fixed length control field 080310e20080305xxkad f 000 0 eng d
020 ## - INTERNATIONAL STANDARD BOOK NUMBER
International Standard Book Number 9781859356432
035 ## - SYSTEM CONTROL NUMBER
System control number (Sirsi) u142779
041 0# - LANGUAGE CODE
Language code of text/sound track or separate title eng
050 04 - LIBRARY OF CONGRESS CALL NUMBER
Classification number 332.632 $2 18
100 1# - MAIN ENTRY--PERSONAL NAME
Personal name Stephens, Mark
245 00 - TITLE STATEMENT
Title Developing safety nets for home-owners
Medium [electronic resource]
260 ## - PUBLICATION, DISTRIBUTION, ETC.
Place of publication, distribution, etc. York
Name of publisher, distributor, etc. JRF
Date of publication, distribution, etc. 2008
520 ## - SUMMARY, ETC.
Summary, etc. Describes a recommended framework for the greater measures aimed at mitigating risk of repossession for homeowners. During the early 2000s home repossessions fell to very low levels, but recently there has been a marked increase. Current financial safety measures are known to be inadequate. Proposes the Sustainable Home Ownership Partnership (SHOP), a levy system to pool funding for borrowers to access in clearly defined circumstances. Sets out a structure for SHOP and recommends it should be compulsory for new borrowers and those who remortgage. Sets out the degree of regulation recommended in the system. Details suggested payment rates.
521 2# - TARGET AUDIENCE NOTE
Target audience note Advanced
590 ## - LOCAL NOTE (RLIN)
Local note KA
651 #4 - SUBJECT ADDED ENTRY--GEOGRAPHIC NAME
Geographic name United Kingdom
Chronological subdivision
690 ## - LOCAL SUBJECT ADDED ENTRY--TOPICAL TERM (OCLC, RLIN)
Topical term or geographic name as entry element PROPERTY-RESIDENTIAL PROPERTY-RESIDENTIAL PROPERTY FINANCE AND INVESTMENT-MORTGAGING RESIDENTIAL PROPERTY
690 ## - LOCAL SUBJECT ADDED ENTRY--TOPICAL TERM (OCLC, RLIN)
Topical term or geographic name as entry element PROPERTY-PROPERTY FINANCE AND INVESTMENT-SECURITISATION
700 1# - ADDED ENTRY--PERSONAL NAME
Personal name Dailly, Mike
700 1# - ADDED ENTRY--PERSONAL NAME
Personal name Wilcox, Steve
856 40 - ELECTRONIC LOCATION AND ACCESS
Uniform Resource Identifier <a href="https://www.jrf.org.uk/sites/files/jrf/2198-mortgage-insurance-repossession.pdf">https://www.jrf.org.uk/sites/files/jrf/2198-mortgage-insurance-repossession.pdf</a>
Public note View the item free of charge at www.jrf.org.uk...
942 ## - ADDED ENTRY ELEMENTS (KOHA)
Suppress in OPAC 0
Holdings
Withdrawn status Lost status Source of classification or shelving scheme Damaged status Not for loan Home library Current library Shelving location Date acquired Total Checkouts Full call number Barcode Date last seen Copy number Price effective from Koha item type
    Dewey Decimal Classification     Virtual Virtual Online 10/03/2008   ONLINE PUBLICATION 142779-1001 06/08/2019 1 06/08/2019 Book